00630 2200229 4500001002100000005001700021008004100038020001800079035002400097082001100121084001800132100001700150245005500167260004300222300002200265504001600287650003100303700001200334990001800346990001800364990001800382YOGYA-0411000000227420170120142721.0 ind  a979-026-041-2 0010-041100000002274 a297.57 a297.57bIsm M aISMAIL, Roni aMenuju hidup Islami / Roni Ismail ; editor Abusiri aYogjakartabPustaka Insan madanic2008 aix,238 hlmc21 cm ahlm 233-234 aKehidupan beragama (Islam) aAbusiri a51935-PD/B.10 a51936-PD/B.10 a51937-PD/B.10